000 00582nam a2200205Ia 4500
003 GCL
008 140319s9999 xx 000 0 ara d
040 _aGCL /
_cGCL
082 0 4 _a155
_bع س
100 1 _aعبدالفتاح دويدار
245 1 0 _aسيكلوجية النمو والارتقاء /
_cعبدالفتاح دويدار
300 _a195 ص
490 _a
650 0 4 _aعلم النفس
650 0 4 _aالاطفال - نمو
650 0 4 _aعلم النفس الارتقائى
650 0 4 _aالنمو
650 0 4 _aالاجنة، علم
942 _2ddc
_cBK
999 _c40218
_d40218